| 000 | 00386nam a2200157Ia 4500 | ||
|---|---|---|---|
| 008 | 220530s9999 xx 000 0 und d | ||
| 020 | _a9788172252014 | ||
| 040 | _aeng | ||
| 082 | _a618.92 | ||
| 100 |
_aSACHDEV H. _959749 |
||
| 245 | _aNUTRITION IN CHILDREN | ||
| 250 | _aFIRST | ||
| 260 |
_aHYDRABADE _bB.S.PUBLICATION,HYDERABAD. _c2004 |
||
| 300 | _a555 | ||
| 650 |
_aNUTRITION _959750 |
||
| 999 |
_c1803 _d1803 |
||